000
00209 a2200097 4500
001
11969
100
_a
Ashton, E.B.
245
_a
The future of man kind
260
_a
_b
Chicago, press
_c
090
_c
9222
_d
9222
942
_a
NUST-CAE
_c
M
_c
36070
999
_c
247042
_d
247042